000 00833nam a2200277 i 4500
001 18385
003 ES-MaACL
005 20230906151826.0
007 t|
008 011213s1973 fr ||||1| fre d
080 _a929 Vo-Nguyen-Giap
080 _a959.6/8"1946/54"
080 _a959.7"1961/75"
100 1 _aLe Quang, Gerard.
_970916
245 1 0 _aGiap ou La guerre du peuple /
_cGérad le Quang.
260 _aParis :
_bDenoël,
_c[1973]
300 _a252 p., [8] p. de fot. ;
_c23 cm.
490 1 _aGrands reportages
500 _aBiblioteca Juan Andrade.
600 1 4 _aVo-Nguyen-Giap.
_9115635
650 1 4 _aGuerra de Indochina-
_y1946-1954.
_913186
650 1 4 _aGuerra del Vietnam, 1961-1975.
_913204
830 0 _aGrands reportages
_9228799
852 _aES-MaACL
_jAND-141
_bR.109438
999 _c18385
_d18385